| 000 | 00894nam a2200205 i 4500 | ||
|---|---|---|---|
| 001 | 114792 | ||
| 003 | ES-MaACL | ||
| 005 | 20250829133328.0 | ||
| 007 | t| | ||
| 008 | 070328s1910 sp |||| | spa d | ||
| 100 | 1 |
_aRíos, Blanca de los, _d1859-1956 _997357 |
|
| 245 | 1 | 0 |
_aAfirmación de la raza ante el Centenario de la Independencia de las repúblicas hispano-americanas _b: conferencia leída por su autora en el Ateneo de Madrid el día 1º de febrero de 1910 / _cBlanca de los Ríos de Lampérez. |
| 260 |
_aMadrid : _bUnión Iberoamericana, _c1910 ( _fImp. de los Hijos de M.G. Hernández) |
||
| 300 |
_a31 p. ; _c20 cm. |
||
| 610 | 2 | 4 |
_aAteneo de Madrid- _vConferencias- _y1900-1939 _91907 |
| 650 | 7 |
_aHispanidad _2embne _9139321 |
|
| 710 | 2 |
_aAteneo de Madrid. _91875 |
|
| 852 |
_aES-MaACL _jT-1086-F-6 _z. - Dedicatoria autógrafa de la autora |
||
| 999 |
_c114792 _d114792 |
||